000 00924cam a22003133a 4500
001 268
003 PGUSA
005 20140828082946.0
008 080711s2008||||xxu|||||s|||||000 1 eng d
040 _aPGUSA
_beng
042 _adc
050 4 _aPS
100 1 _aNorris, Frank,
_d1870-1902
245 1 4 _aThe Octopus :
_bA Story of California
_h[electronic resource] /
_cFrank Norris
260 _bProject Gutenberg,
_c2008
506 _aPublic domain in the USA.
516 _aElectronic text
653 _aFarm life -- Fiction
653 _aWheat farmers -- Fiction
653 _aDidactic fiction
653 _aRailroad stories
653 _aMussel Slough Tragedy, 1880 -- Fiction
653 _aFarmers -- Fiction
653 _aCalifornia -- Fiction
653 _aSan Joaquin Valley (Calif.) -- Fiction
830 0 _aProject Gutenberg
_v268
856 4 0 _uhttp://www.gutenberg.org/ebooks/268
942 _cEB
999 _c229621
_d229621